LEADER 01194nam a2200253 a 4500 001 000000137260 003 CaOOAMICUS 005 20140211125813.0 008 140211s1956 it u000 u ita r 040 $aPUL$bita 100 1 $aRossi, Emilio,$d1923-2008.$0(OLS)http://pul/name/78710 245 13$aIl pensiero politico di Jacques Maritain /$cEmilio Rossi. 260 $aMilano :$bEdizioni di Comunità,$c1956. 300 $aXV, 313 p. ;$c23 cm 600 14$aMaritain, Jacques,$d1882-1973$xPensiero politico e sociale.$0(OLS)http://pul/subject/11927 850 $aPUL 852 $aPUL$W1$xDP1 Fondo E. Rossi$y115$m5 A 99$j158314$a2. copia$qFondi$B157782$CPULBib$Z2$F157782 $82 852 $aPUL$W1$xDP1 Fondo E. Rossi$y115$m5 A 70$j158285$qFondi$B157753$CPULBib$Z2$F157753 $82 852 $aPUL$W1$xDP1 Fondo Dalla Palma$y117$m2 D 98$j191337$qFondi$B194822$CPULBib$Z2$F194822 $HDal3332 $81 941 1 $a1 961 $aSul dorso collocazione ms. di E. Rossi: MM 16 996 $6245$aIl pensiero politico di Jacques Maritain$9(OLS)http://pul/title/12766 996 $6260$aMilano :$bEdizioni di Comunità$9(OLS)http://pul/publisher/48252 LEADER 01769nam a2200373 a 4500 001 000000153281 003 CaOOAMICUS 005 20160725114653.0 008 160725s2016 vc u000 u ita r 020 $a978-88-209-9828-8* 032 $aLibriCat 040 $aPUL$bita 082 04$a230 100 1 $aStaglianò, Antonio,$cvescovo di Noto,$d1959-$0(OLS)http://pul/name/41444 245 10$aMaria di Nazaret da conoscere e amare : $bteologia, devozione, poetica, omiletica /$cAntonio Staglianò ; a cura di Ignazio Petriglieri. 260 $aCittà del Vaticano :$bLibreria editrice vaticana,$c2016. 300 $a481 p. ;$c25 cm. 490 1 $aItineraria ;$v11 500 $aIn testa alla cop.: Pontificia Academia Theologica. 504 $aInclude riferimenti bibliografici e indice. 600 04$aMaria Virgo,$cs.$xDevozione.$0(OLS)http://pul/subject/1542 700 1 $aPetriglieri, Ignazio,$csac.,$d1964-$0(OLS)http://pul/name/68724 710 2 $aPontificia Academia Theologica.$0(OLS)http://pul/name/70336 830 0$aItineraria ;$v11.$0(OLS)http://pul/title/142931 850 $aPUL 852 $aPUL$W1$xSL Religione 3$y85$m230 COLL 3.11$j176501$qDDC 21$B178984$CPULBib$Z2$F178984 $H128034 $81 910 $aPontificia Accademia Teologica Romana$970336 910 $aPontificia Accademia Teologica Romana$970336 941 1 $a9 996 $6020$a978-88-209-9828-8*$9(OLS)http://pul/number/160765 996 $6082$a230$9(OLS)http://pul/classification/368 996 $6245$aMaria di Nazaret da conoscere e amare : $bteologia, devozione, poetica, omiletica$9(OLS)http://pul/title/192718 996 $6260$aCittà del Vaticano :$bLibreria editrice vaticana$9(OLS)http://pul/publisher/47920